| 000 | 00847nam a2200265 i 4500 | ||
|---|---|---|---|
| 001 | 82000 | ||
| 003 | ES-MaACL | ||
| 005 | 20230906174546.0 | ||
| 007 | t| | ||
| 008 | 041118s1995 sp ||||1| spa d | ||
| 020 | _a84-323-0873-0 | ||
| 080 | _a338.43(460.186)"15" | ||
| 080 | _a352(460.186)"15" | ||
| 100 | 1 |
_aDíez Sanz, Enrique. _944769 |
|
| 245 | 1 | 3 |
_aLa tierra de Soria _b: un universo campesino en la Castilla oriental del siglo XVI / _cpor Enrique Díez Sanz. |
| 250 | _a1ª ed. | ||
| 260 |
_aMadrid : _bSiglo XXI de España, _c1995. |
||
| 300 |
_aXVIII, 434 p. ; _c21 cm. |
||
| 490 | 1 | _aHistoria | |
| 650 | 1 | 4 |
_aAgricultura- _zSoria (Provincia)- _yS.XVI. _99690 |
| 651 | 4 |
_aSoria (Provincia)- _xAdministración- _yS.XVI. _99409 |
|
| 830 | 0 |
_aHistoria _9177536 |
|
| 852 |
_aES-MaACL _jL-28495 _bR.133931 |
||
| 999 |
_c82000 _d82000 |
||